Score 0/24 Timer 03:00
1 Play Today
Title (Year) Missing Word % Correct
Monty Python and the ____ Grail (1975)Holy
98.3%
The ____ Mile (1999)Green
97.2%
The ____ Lebowski (1998)Big
97%
No Country for ____ Men (2007)Old
96.6%
____ Attraction (1987)Fatal
96.1%
12 ____ Men (1957)Angry
95.2%
The Emperor's ____ Groove (2000)New
95.2%
____ Woman (1990)Pretty
94.3%
____ Harry (1971)Dirty
93.7%
The ____ Suspects (1995)Usual
93.7%
____ Hand Luke (1967)Cool
93%
____ Frankenstein (1974)Young
92.7%
Title (Year) Missing Word % Correct
____ Basterds (2009)Inglourious
92.3%
It's a ____ Life (1946)Wonderful
91.4%
The ____ Red Line (1998)Thin
91.3%
____ Magnolias (1989)Steel
90.3%
The ____ Patient (1996)English
89.4%
The ____ Goodbye (1973)Long
87.2%
The ____ Falcon (1941)Maltese
85.9%
____ Holiday (1953)Roman
75.5%
The ____ Man (1952)Quiet
73.2%
____ Hearts and Coronets (1949)Kind
61%
Curse of the ____ Scorpion (2001)Jade
58.2%
____ Limit (2000)Vertical
47.1%

Today's Daily Dose

Remove Ads.
Support Sporcle.
Get the best of Sporcle when you Go Orange. This ad-free experience offers more features, more stats, and more fun while also helping to support Sporcle. Thank you for becoming a member.

You're not logged in!

Compare scores with friends on all Sporcle quizzes.
OR
Log In

Show Comments

Extras

Top Quizzes Today


Score Distribution

Your Account Isn't Verified!

In order to create a playlist on Sporcle, you need to verify the email address you used during registration. Go to your Sporcle Settings to finish the process.

Report this User

Report this user for behavior that violates our Community Guidelines.

Details: